2026 MLB Network Top 100 Players Right Now - Statistics

General Stats
  • This quiz has been taken 65 times
  • The average score is 86 of 100
Answer Stats
Rank Team Position Player % Correct
2. NYY RF Aaron Judge
100%
4. SEA C Cal Raleigh
100%
6. NYM RF Juan Soto
100%
7. PIT SP Paul Skenes
100%
1. LAD DH/SP Shohei Ohtani
100%
3. KCR SS Bobby Witt Jr.
98%
15. SDP RF Fernando Tatis Jr.
98%
22. LAD 1B Freddie Freeman
98%
18. LAD SS Mookie Betts
98%
8. DET SP Tarik Skubal
98%
20. LAD C Will Smith
98%
32. PHI 1B Bryce Harper
96%
9. ARI RF Corbin Carroll
96%
11. NYM SS Francisco Lindor
96%
12. BOS SP Garrett Crochet
96%
5. CLE 3B Jose Ramirez
96%
16. SEA CF Julio Rodriguez
96%
19. ARI 2B Ketel Marte
96%
17. PHI DH Kyle Schwarber
96%
21. LAD RF Kyle Tucker
96%
14. ATL RF Ronald Acuna Jr.
96%
10. TOR 1B Vladimir Guerrero Jr.
96%
13. LAD SP Yoshinobu Yamamoto
96%
27. TEX SS Corey Seager
94%
26. BAL SS Gunnar Henderson
94%
23. ATH 1B Nick Kurtz
94%
33. BAL 1B Pete Alonso
94%
25. PHI SS Trea Turner
94%
74. TOR C Alejandro Kirk
92%
54. LAD SP Blake Snell
92%
44. SEA SP Bryan Woo
92%
42. MIN CF Byron Buxton
92%
45. CIN SP Hunter Greene
92%
50. TEX SP Jacob deGrom
92%
34. SDP 3B Manny Machado
92%
31. ATL 1B Matt Olson
92%
36. NYY SP Max Fried
92%
57. DET LF Riley Greene
92%
35. CHC 3B Alex Bregman
90%
84. BOS RP Aroldis Chapman
90%
52. CIN SS Elly De La Cruz
90%
49. HOU SS Jeremy Pena
90%
37. SFG SP Logan Webb
90%
85. SFG 3B Matt Chapman
90%
40. CHC CF Pete Crow-Armstrong
90%
75. CLE LF Steven Kwan
90%
55. MIL C William Contreras
90%
28. HOU LF Yordan Alvarez
90%
51. PHI SP Zack Wheeler
90%
38. ATL SP Chris Sale
88%
78. MIL LF Christian Yelich
88%
43. NYY LF Cody Bellinger
88%
29. PHI SP Cristopher Sanchez
88%
83. LAD RP Edwin Diaz
88%
24. ARI SS Geraldo Perdomo
88%
30. HOU SP Hunter Brown
88%
58. BOS LF Jarren Duran
88%
61. NYY 2B Jazz Chisholm Jr.
88%
39. TBR 3B Junior Caminero
88%
71. TBR 1B Yandy Diaz
88%
48. NYM SS Bo Bichette
85%
62. MIL 2B Brice Turang
85%
56. MIL LF Jackson Chourio
85%
59. SDP CF Jackson Merrill
85%
53. WAS LF James Wood
85%
46. SFG DH Rafael Devers
85%
77. CHC RF Seiya Suzuki
85%
47. TOR RF George Springer
83%
76. ATH SS Jacob Wilson
83%
72. SEA SP Logan Gilbert
83%
60. SDP RP Mason Miller
81%
82. LAA RF Mike Trout
81%
86. SFG SS Willy Adames
81%
81. HOU LF Jose Altuve
79%
70. SEA 1B Josh Naylor
79%
66. FA 3B Eugenio Suarez
77%
73. MIN SP Joe Ryan
77%
65. KCR 3B Maikel Garcia
77%
64. TEX SP Nathan Eovaldi
77%
79. BOS SP Ranger Suarez
77%
80. FA SP Framber Valdez
75%
87. LAA SS Zach Neto
75%
91. ATH RF Brent Rooker
73%
89. KCR SP Cole Ragans
73%
41. BOS RF Roman Anthony
73%
93. KCR 1B Vinnie Pasquantino
73%
95. NYY 1B Ben Rice
71%
99. NYY SP Carlos Rodon
71%
97. COL C Hunter Goodman
71%
63. NYM SP Freddy Peralta
69%
67. CHC 1B Michael Busch
69%
92. ATH C Shea Langeliers
69%
69. TEX LF Wyatt Langford
67%
96. ATL C Drake Baldwin
65%
100. TOR SP Dylan Cease
65%
94. DET RF Kerry Carpenter
65%
98. STL C Ivan Herrera
63%
68. MIA LF Kyle Stowers
63%
88. CHW SS Colson Montgomery
54%
90. CIN SP Andrew Abbott
50%
No matching quizzes found
Score Distribution
Percent of People with Each Score
Percentile by Number Answered
Your Score History
You have not taken this quiz